000 00558nam a2200229Ia 4500
003 OSt
005 20220924143406.0
006 a|||||r|||| 00| 0
007 ta
008 220923b |||||||| |||| 00| 0 urd d
024 _a307989
037 _cTextual
040 _aARTS
_cARTS
_burd
041 _2urd
_aurd
082 _aO168,1:g, K7
100 _aKhaleeq anjum
_9170236
245 0 _aMatani tanqeed
260 _c1967
650 _aURDU LITERATURE
942 _hO168,1:g, K7
_cTEXL
_2CC
999 _c454288
_d454288